Detalles MARC
| 000 -LEADER |
| fixed length control field |
02267nam a2200481 a 4500 |
| 008 - CAMPO DE CONTROL (LIBRO) |
| fixed length control field |
180504e2016 ag |||fr|||| 001 0 spa d |
| 020 ## - INTERNATIONAL STANDARD BOOK NUMBER |
| ISBN |
9789874073167 |
| 041 ## - CODIGO DE IDIOMA |
| Código de idioma del texto/pista de sonido o título separado |
spa |
| 092 ## - SIGNATURA TOPOGRAFICA DEWEY LOCAL |
| número de clasificación |
610.73 |
| libristica |
13 |
| sección |
COR |
| 100 1# - ENTRADA PRINCIPAL--NOMBRE PERSONAL |
| Nombre personal |
Correa Rojas, María del Valle. |
| Función |
Comp. |
| 9 (RLIN) |
3887 |
| 245 ## - TITULO PROPIAMENTE DICHO |
| Título |
Calidad de vida y la búsqueda de una universidad saludable / |
| Mención de responsabilidad y remanente de la transcripción de la portada |
María del Valle Correa Rojas |
| 250 ## - MENCION DE EDICION |
| Mención de edición |
1a ed. |
| 260 ## - PIE DE IMPRENTA |
| Lugar de publicación, distribución, etc |
Salta: |
| Nombre de la editorial, distribuidor, etc |
Editorial Hanne; |
| Fecha de publicación |
2016. |
| 300 ## - DESCRIPCION FISICA |
| Extension |
156 p. |
| Dimensiones |
20x14cm |
| 500 ## - NOTA GENERAL |
| Nota general |
Correa Rojas, M. del V. (2016). Calidad de vida y la búsqueda de una universidad saludable. (1a ed.). Salta : Editorial Hanne. |
| 590 ## - NOTAS LOCALES (RLIN) |
| Nota local |
Donaciòn de la Universidad Nacional de Salta, Facultad de Ciencias de la Salud, mayo 2018. |
| 653 ## - TÉRMINO INDIZADO - PALABRAS CLAVES |
| Palabra clave |
Calidad de vida: la Universidad saludable. |
| 653 ## - TÉRMINO INDIZADO - PALABRAS CLAVES |
| Palabra clave |
Calidad de vida: el estudiante universitario. |
| 653 ## - TÉRMINO INDIZADO - PALABRAS CLAVES |
| Palabra clave |
Calidad de vida : Determinates sociales en los estudiantes universitarios. |
| 653 ## - TÉRMINO INDIZADO - PALABRAS CLAVES |
| Palabra clave |
Autopercepciòn de salud, actividad fìsica, tiempo libre y alimentaciòn en estudiantes universitarios. |
| 653 ## - TÉRMINO INDIZADO - PALABRAS CLAVES |
| Palabra clave |
Factores condicionantes de la salud, en los estudiantes universitarios. |
| 653 ## - TÉRMINO INDIZADO - PALABRAS CLAVES |
| Palabra clave |
Riesgo cardiovascular en ingresantes universitarios. |
| 653 ## - TÉRMINO INDIZADO - PALABRAS CLAVES |
| Palabra clave |
Determinates psicològicos en la postmodernidad que inciden en la calidad de vida de estudiantes universitarios. |
| 653 ## - TÉRMINO INDIZADO - PALABRAS CLAVES |
| Palabra clave |
Calidad de vida: los docentes universitarios. |
| 653 ## - TÉRMINO INDIZADO - PALABRAS CLAVES |
| Palabra clave |
Calidad de vida: personal de apoyo universitario (PAU) |
| 653 ## - TÉRMINO INDIZADO - PALABRAS CLAVES |
| Palabra clave |
Calidad de vida: la radio como recurso facilitador. |
| 653 ## - TÉRMINO INDIZADO - PALABRAS CLAVES |
| Palabra clave |
La calidad de vida a travès del coaching ontològico |
| 653 ## - TÉRMINO INDIZADO - PALABRAS CLAVES |
| Palabra clave |
Calidad de vida : promoviendo la salud. |
| 653 ## - TÉRMINO INDIZADO - PALABRAS CLAVES |
| Palabra clave |
Calidad de vida y Terapias Creativas- La mùsica y la danza. |
| 700 1# - ENTRADAS SECUNDARIAS - NOMBRE PERSONAL |
| Nombre personal |
Escalada, Luis. |
| 9 (RLIN) |
3888 |
| 700 1# - ENTRADAS SECUNDARIAS - NOMBRE PERSONAL |
| Nombre personal |
Abdenur, Miriam Elizabeth. |
| 9 (RLIN) |
3889 |
| 700 1# - ENTRADAS SECUNDARIAS - NOMBRE PERSONAL |
| Nombre personal |
Burgos, Mirta Josefina. |
| 9 (RLIN) |
3890 |
| 700 1# - ENTRADAS SECUNDARIAS - NOMBRE PERSONAL |
| Nombre personal |
Chañi, Laura Belén. |
| 9 (RLIN) |
3891 |
| 700 1# - ENTRADAS SECUNDARIAS - NOMBRE PERSONAL |
| Nombre personal |
Goyechea, Julieta. |
| 9 (RLIN) |
3892 |
| 700 1# - ENTRADAS SECUNDARIAS - NOMBRE PERSONAL |
| Nombre personal |
Herrera, María del Carmen. |
| 9 (RLIN) |
3893 |
| 700 1# - ENTRADAS SECUNDARIAS - NOMBRE PERSONAL |
| Nombre personal |
Poderti, Verónica. |
| 9 (RLIN) |
3894 |
| 700 1# - ENTRADAS SECUNDARIAS - NOMBRE PERSONAL |
| Nombre personal |
Márquez, Romina. |
| 9 (RLIN) |
3895 |
| 700 1# - ENTRADAS SECUNDARIAS - NOMBRE PERSONAL |
| Nombre personal |
Méndez, Viviana. |
| 9 (RLIN) |
3896 |
| 700 1# - ENTRADAS SECUNDARIAS - NOMBRE PERSONAL |
| Nombre personal |
Morales, Sonia. |
| 9 (RLIN) |
3897 |
| 700 1# - ENTRADAS SECUNDARIAS - NOMBRE PERSONAL |
| Nombre personal |
Tejerina, José. |
| 9 (RLIN) |
3898 |
| 700 1# - ENTRADAS SECUNDARIAS - NOMBRE PERSONAL |
| Nombre personal |
Yapura, Soledad. |
| 9 (RLIN) |
3899 |
| 942 ## - ADDED ENTRY ELEMENTS (KOHA) |
| Source of classification or shelving scheme |
Dewey Decimal Classification |
| Item type |
Libros |